000 00893nam a22002657a 4500
003 PILC
005 20160321110309.0
008 131217b xxu||||| |||| 00| 0 eng d
020 _a9781780523460
050 _aG 155.A1
_b.Ed23 2013
245 _aReligion, work and inequality /
_cedited by Lisa A. Keister, John D McCarthy, Roger Finke.
250 _a1st edition.
260 _aBingley :
_bEmerald,
_c2012.
300 _aXVI, 397 pages :
_billustrations ;
_c24 cm.
440 _aResearch in the sociology of work.
_v23
500 _aIncludes bibliographical references.
650 _aSocial Science
_vSociology
_xGeneral.
650 _aSocial Science
_xSociology of Religion.
650 _aSocial Science
_xGeneral.
700 _aKeister, Lisa A.
_eeditor.
700 _aMcCarthy, John.
_eeditor.
700 _aFinke, Roger.
_eeditor.
942 _2lcc
_cBK
_kFOR
999 _c25846
_d25846